000 00607nam a2200253Ia 4500
005 20260121154913.0
008 008 260114s9999 xx 000 0 eng d
020 _a9780429351815
037 _aEBOOK
040 _aCRL
040 _beng
040 _cCRL
041 _2eng
041 _aeng
084 _qCRL
100 _a Rachel Kowert; Thorsten Quandt
_91012929
245 4 _aThe Video Game Debate 2
260 _bTaylor and Francis
260 _c2021
856 _uhttp://www.taylorfrancis.com/books/9780429351815
942 _cEBOOK
999 _c1579748
_d1579748